| 000 | 00528nam a22001577a 4500 | ||
|---|---|---|---|
| 003 | macl | ||
| 005 | 20190626134733.0 | ||
| 008 | 190626b xxu||||| |||| 00| 0 eng d | ||
| 040 | _cmacl | ||
| 082 | _a800 | ||
| 100 |
_aपालीवाल ,कृष्ण दत् _975567 |
||
| 245 | _aआधुनिक भारतीय नयी कविता | ||
| 260 |
_aदिल्ली _bकिताबघर प्रकाशन _c2015 |
||
| 650 |
_aकाव्य आलोचना _948818 |
||
| 942 |
_2ddc _cHIN |
||
| 999 |
_c60279 _d60279 |
||